[Event "Challenge"]
[Site "http://www.queenalice.com/game.php?id=391795"]
[Date "2008.4.22"]
[Round "-"]
[White "acidamin"]
[Black "slurp"]
[Result "1-0"]
[WhiteElo "1431"]
[BlackElo "1003"]

1. e4 e5 2. Nf3 Nc6 3. Bc4 Qe7 4. O-O Nf6 5. Re1 d6 6. d4 Bg4 7. dxe5 Nxe5 8.
Bd5 Nxd5 9. exd5 O-O-O 10. Qd4 Nxf3+ 11. gxf3 Qxe1+ 12. Kg2 Qxc1 13. fxg4 b6 14.
Qc3 Rg8 15. b3 g6 16. Qc4 Qb2 17. Na3 Qxa1 18. Nb5 Rd7 19. Qc6 Qe5 20. Qa8# 1-0

[Event "Challenge"]
[Site "http://www.queenalice.com/game.php?id=391833"]
[Date "2008.4.22"]
[Round "-"]
[White "acidamin"]
[Black "Hagi"]
[Result "1-0"]
[WhiteElo "1524"]
[BlackElo "1381"]

1. g3 d5 2. Bh3 e6 3. Nf3 c5 4. e3 c4 5. Ne5 Nh6 6. c3 Be7 7. Ng4 Nf5 8. Ne5 O-O
9. Bxf5 g6 10. Bh3 Na6 11. O-O Nc5 12. b4 Ne4 13. f3 Ng5 14. Bg4 a5 15. Qa4 h5
16. f4 hxg4 17. fxg5 f6 18. Nxg6 Bd7 19. Qc2 Rf7 20. Rf4 Bd6 21. Rxg4 fxg5 22.
h4 Qf6 23. Nf4 Qf5 24. Rxg5+ Kf8 25. Rxf5 Rxf5 26. d4 axb4 27. cxb4 Kf7 28. Qh2
Bxb4 29. g4 Rg8 30. g5 Rh8 31. g6+ Kg7 32. h5 Ba4 33. Nxe6+ Kf6 34. g7 Rg8 35.
h6 Kxe6 36. h7 Rg5+ 37. Kf2 R5xg7 38. hxg8=Q+ Rxg8 39. Qe5+ Kd7 40. Qxd5+ Bd6
41. Qxb7+ Bc7 42. e4 Bc6 43. Qb4 Bxe4 44. Qxc4 Rg2+ 45. Ke3 Bc6 46. d5 Rg3+ 47.
Kf2 Rg6 48. dxc6+ Rxc6 49. Qb5 Bb6+ 50. Be3 Kc7 51. Qe5+ Kb7 52. Nc3 Bc7 53.
Rb1+ Kc8 54. Qf5+ Kd8 55. Rd1+ Bd6 56. Bg5+ Kc7 57. Qa5+ Rb6 58. Rxd6 Kxd6 59.
Qxb6+ Ke5 60. Qf6# 1-0

[Event "Tu bluffes !"]
[Site "http://www.queenalice.com/game.php?id=392253"]
[Date "2008.4.23"]
[Round "-"]
[White "acidamin"]
[Black "Tchecmaurice"]
[Result "1-0"]
[WhiteElo "1561"]
[BlackElo "1370"]

1. g3 e6 2. Bg2 d6 3. Nh3 Bd7 4. Bxb7 Bc6 5. Bxa8 Bxa8 6. O-O Qc8 7. d3 Qb7 8.
e4 Nf6 9. Ng5 h6 10. Nf3 Be7 11. a4 d5 12. Nc3 dxe4 13. dxe4 Nxe4 14. Nxe4 Qxe4
15. Kg2 Bh4 16. Re1 Qc4 17. b3 Qc3 18. Bd2 Qf6 19. Bf4 Na6 20. Qd3 Nb4 21. Qb5+
Bc6 22. Qxb4 Rf8 23. Qb8+ Ke7 24. Qxc7+ Bd7 25. Bd6+ Ke8 26. Qb8+ Qd8 27. Qxa7
Be7 28. Bxe7 Qxe7 29. Qb8+ Qd8 30. Qxd8+ Kxd8 31. a5 Ke7 32. Ne5 Bb5 33. Nc4 g5
34. a6 h5 35. Kh3 Rd8 36. a7 Bc6 37. Nb6 Rd2 38. Ra6 Kf6 39. a8=Q Bxa8 40. Rxa8
Rxf2 41. Rh1 Kg6 42. c4 g4+ 43. Kh4 e5 44. Ra5 Kf6 45. Kxh5 e4 46. Kxg4 e3 47.
Re1 1-0

[Event "IGBMC tournement"]
[Site "http://www.queenalice.com/game.php?id=396998"]
[Date "2008.5.2"]
[Round "-"]
[White "acidamin"]
[Black "Ylure"]
[Result "1-0"]
[WhiteElo "1685"]
[BlackElo "1346"]

1. d4 Nf6 2. c4 e6 3. Nf3 Ne4 4. e3 Na6 5. Bd3 Bb4+ 6. Nbd2 d5 7. a3 Bxd2+ 8.
Bxd2 O-O 9. Qc2 c6 10. Bxe4 dxe4 11. Qxe4 Qf6 12. O-O c5 13. b4 cxd4 14. exd4
Bd7 15. Qxb7 e5 16. Qxd7 e4 17. Ne5 Rad8 18. Qxa7 Nb8 19. b5 Qe6 20. Bb4 Rfe8
21. f4 f5 22. d5 Qh6 23. Nf7 e3 24. Nxh6+ gxh6 25. Rfe1 Nd7 26. Rxe3 Rxe3 27.
Qxe3 Nf6 28. Qe6+ Kg7 29. Qe7+ Kg6 30. Qxd8 h5 31. b6 h4 32. Qd6 h3 33. gxh3 h5
34. Bc3 h4 35. Qxf6+ Kh5 36. Qg5# 1-0

[Event "Match de ouf"]
[Site "http://www.queenalice.com/game.php?id=397128"]
[Date "2008.5.2"]
[Round "-"]
[White "acidamin"]
[Black "FlorentC"]
[Result "1-0"]
[WhiteElo "1587"]
[BlackElo "1501"]

1. e4 e5 2. Nc3 Nf6 3. f4 d6 4. Nf3 Nc6 5. Bc4 Be6 6. Bxe6 fxe6 7. d4 Nxd4 8.
Nxd4 exd4 9. Qxd4 c5 10. Qa4+ Qd7 11. Qxd7+ Nxd7 12. O-O O-O-O 13. f5 Re8 14.
Bg5 Be7 15. Bxe7 Rxe7 16. Rad1 exf5 17. Rxf5 Rhe8 18. Nb5 Rf8 19. Nxa7+ Kc7 20.
Nb5+ Kc6 21. Nxd6 Rxf5 22. Nxf5 Rxe4 23. Nxg7 Re2 24. Rc1 Rd2 25. Ne6 b5 26. Ng5
Ne5 27. Nxh7 Kd5 28. Nf6+ Kd4 29. Re1 Rxc2 30. Re4+ Kd3 31. Rxe5 Re2 32. Rxe2
Kxe2 33. g4 Kd2 34. g5 c4 35. g6 Kc2 36. Nd5 Kxb2 37. g7 c3 38. g8=Q c2 39. Qg7+
Kxa2 40. Qc3 Kb1 41. Qb4+ Kc1 42. Kf2 Kd1 43. Qe1# 1-0

[Event "SALUT ! CA VA ?!"]
[Site "http://www.queenalice.com/game.php?id=398944"]
[Date "2008.5.6"]
[Round "-"]
[White "acidamin"]
[Black "Tchecmaurice"]
[Result "1-0"]
[WhiteElo "1619"]
[BlackElo "1486"]

1. e4 d5 2. exd5 Qxd5 3. Nc3 Qf5 4. d4 e6 5. Nb5 Bd6 6. Bd3 Qd5 7. Nf3 a6 8.
Nxd6+ Qxd6 9. O-O Nf6 10. Ne5 Qxd4 11. Bb5+ Bd7 12. Qxd4 Bxb5 13. Rd1 O-O 14.
Qc3 Nc6 15. Qg3 Rad8 16. Bh6 Nh5 17. Qg4 Nxe5 18. Qxh5 Ng6 19. Bg5 f6 20. a4
Bxa4 21. Rxa4 fxg5 22. Ra3 c6 23. Rh3 h6 24. Rxd8 Rxd8 25. Rd3 Nf4 26. Rxd8+ Kh7
27. Qf7 b5 28. Rg8 Nh5 29. Qe8 1-0

[Event "SALUT ! CA VA ?"]
[Site "http://www.queenalice.com/game.php?id=398961"]
[Date "2008.5.6"]
[Round "-"]
[White "acidamin"]
[Black "the_knife"]
[Result "1-0"]
[WhiteElo "1643"]
[BlackElo "2157"]

1. e4 g6 2. d4 Bg7 3. Nc3 d6 4. Nf3 c6 5. Be2 Nf6 6. O-O O-O 7. e5 Ne8 8. Bf4
Bf5 9. Bd3 Bxd3 10. Qxd3 d5 11. Ne2 Nc7 12. Qd2 Nd7 13. Bh6 Ne6 14. Rfe1 Qb6 15.
Bxg7 Kxg7 16. b3 Rfd8 17. c4 h6 18. Rac1 Rac8 19. h4 Qa6 20. h5 dxc4 21. bxc4
Nb6 22. Nh4 Nxc4 23. Qc3 Qxa2 24. hxg6 fxg6 25. Ra1 Qd2 26. Qxc4 Nxd4 27. Nxd4
Qxd4 28. Qxd4 Rxd4 29. Nf3 Rb4 30. Rxa7 c5 31. Raa1 c4 32. Rab1 Rxb1 33. Rxb1
Rc7 34. Kf1 g5 35. Ke2 Rd7 36. Ke3 1-0

[Event "Enculé !"]
[Site "http://www.queenalice.com/game.php?id=426016"]
[Date "2008.7.1"]
[Round "-"]
[White "Tchecmaurice"]
[Black "acidamin"]
[Result "0-1"]
[WhiteElo "1516"]
[BlackElo "1643"]

1. e4 e5 2. Nf3 Nc6 3. d3 d5 4. Nc3 Nf6 5. Bg5 dxe4 6. Nxe4 Be7 7. Bxf6 Bxf6 8.
h3 Be7 9. Qd2 Be6 10. c3 f5 11. Neg5 Bg8 12. d4 h6 13. Bb5 exd4 14. Nxd4 Bxg5
15. Qe2+ Kf8 16. Nxc6 bxc6 17. Bxc6 Rb8 18. O-O Qd6 19. Qf3 Rxb2 20. Qxf5+ Bf7
21. Bf3 g6 22. Qe4 Kg7 23. Rfd1 Bd2 24. Qe2 Re8 25. Qf1 Qc5 26. Be2 Bxc3 27. Bd3
Rxf2 28. Qxf2 Bd4 29. Rd2 Rd8 30. Qxd4+ Qxd4+ 31. Rf2 Qxa1+ 32. Rf1 Qd4+ 0-1

[Event "J'y arriverai, un jour"]
[Site "http://www.queenalice.com/game.php?id=429154"]
[Date "2008.7.7"]
[Round "-"]
[White "Tchecmaurice"]
[Black "acidamin"]
[Result "0-1"]
[WhiteElo "1553"]
[BlackElo "1664"]

1. d4 f5 2. Nc3 e5 3. e3 d6 4. Bd3 Nf6 5. f3 Nc6 6. Nge2 d5 7. dxe5 Nxe5 8. Nd4
Bb4 9. Nxf5 Nxd3+ 10. Qxd3 Bxf5 11. Qb5+ Qd7 12. Qxb4 Bxc2 13. Qxb7 O-O 14. Qb5
Qxb5 15. Nxb5 c5 16. Na3 Bd3 17. Bd2 Rae8 18. O-O-O Re6 19. Rhe1 Rfe8 20. Nc2
Kf7 21. a3 Nd7 22. b4 Rc8 23. Kb2 Bxc2 24. Kxc2 cxb4+ 25. Kb3 Nc5+ 26. Ka2 Nd3
27. Re2 Rc2+ 28. Kb3 Rb2+ 29. Ka4 Ra6+ 30. Kb5 Rb6+ 31. Ka4 Nc5+ 32. Ka5 bxa3
0-1

[Event "let's play"]
[Site "http://www.queenalice.com/game.php?id=538435"]
[Date "2009.2.11"]
[Round "-"]
[White "superpato"]
[Black "acidamin"]
[Result "1-0"]
[WhiteElo "1917"]
[BlackElo "1751"]

1. e4 e5 2. Nf3 f5 3. Nxe5 fxe4 4. Qh5+ g6 5. Nxg6 Qf6 6. Nxh8+ Kd8 7. Qxh7 Nh6
8. d3 exd3 9. Bxd3 d5 10. Bxh6 Bxh6 11. Nf7+ Ke8 12. Nc3 Bg7 13. Qg8+ Bf8 14.
O-O Be6 15. Rfe1 Nc6 16. Nxd5 Qxb2 17. Nd6+ Kd8 18. Qxf8+ Kd7 19. Nf6+ Qxf6 20.
Qxf6 Nd4 21. Qxd4 cxd6 22. Bb5+ Kc7 23. Rxe6 Rd8 24. Re7+ Kc8 25. Qc4+ Kb8 26.
Qc7+ 1-0

[Event "Challenge"]
[Site "http://www.queenalice.com/game.php?id=538436"]
[Date "2009.2.11"]
[Round "-"]
[White "JAYMAC10"]
[Black "acidamin"]
[Result "0-1"]
[WhiteElo "1733"]
[BlackElo "1689"]

1. e4 c5 2. Nf3 d6 3. d4 cxd4 4. Nxd4 Nf6 5. Bc4 Nxe4 6. Qf3 d5 7. Bb5+ Bd7 8.
Bxd7+ Nxd7 9. O-O e5 10. Nf5 Qf6 11. Nd2 Nxd2 12. Bxd2 g6 13. Qxd5 gxf5 14. Ba5
Qc6 15. Qxc6 bxc6 16. Rad1 Rb8 17. Bc7 Rb7 18. Bd6 Rxb2 19. Bxf8 Rxf8 20. Rd6
Rxc2 21. Rfd1 Nb6 22. Rh6 Nd5 23. Rb1 Kd7 24. Rb7+ Kc8 25. Rxa7 Rc1# 0-1

[Event "D'façon, t'es trop fort"]
[Site "http://www.queenalice.com/game.php?id=538733"]
[Date "2009.2.11"]
[Round "-"]
[White "Tchecmaurice"]
[Black "acidamin"]
[Result "0-1"]
[WhiteElo "1902"]
[BlackElo "1716"]

1. d4 f5 2. c4 e6 3. g3 c5 4. Nf3 cxd4 5. Qxd4 Nc6 6. Qd1 d5 7. cxd5 Qxd5 8.
Qxd5 exd5 9. Bg2 Nf6 10. O-O Bc5 11. Nc3 d4 12. Na4 Bd6 13. b3 O-O 14. Rd1 Be6
15. e3 b5 16. Nb2 Rac8 17. Nxd4 Nxd4 18. exd4 Bd5 19. Nd3 Bxg2 20. Kxg2 Nd5 21.
Re1 Rc3 22. Ne5 f4 23. a4 fxg3 24. hxg3 a6 25. axb5 axb5 26. Rb1 Rc2 27. Rb2
Rfxf2+ 28. Kh1 Rxb2 29. Nd3 Rh2+ 30. Kg1 Rbg2+ 31. Kf1 Rxg3 32. Re6 Rxd3 33.
Rxd6 Rd1# 0-1

[Event "Challenge"]
[Site "http://www.queenalice.com/game.php?id=545428"]
[Date "2009.2.23"]
[Round "-"]
[White "b_d75"]
[Black "acidamin"]
[Result "0-1"]
[WhiteElo "1460"]
[BlackElo "1738"]

1. e4 e5 2. Nf3 Nc6 3. Nc3 Nf6 4. d3 d5 5. exd5 Nxd5 6. Bd2 Bf5 7. a3 Be7 8. Be2
O-O 9. O-O Re8 10. h3 Nxc3 11. Bxc3 Qd5 12. Re1 Rad8 13. Nh2 Nd4 14. Bf3 Nxf3+
15. Qxf3 Qxf3 16. Nxf3 f6 17. d4 exd4 18. Nxd4 Bg6 19. Nb5 Rd7 20. Re2 Bc5 21.
Rae1 Rxe2 22. Rxe2 a6 0-1

[Event "Challenge"]
[Site "http://www.queenalice.com/game.php?id=546381"]
[Date "2009.2.25"]
[Round "-"]
[White "superpato"]
[Black "acidamin"]
[Result "0-1"]
[WhiteElo "1929"]
[BlackElo "1779"]

1. e4 e6 2. d4 d5 3. e5 c5 4. Nf3 Nc6 5. c3 Bd7 6. Bd3 cxd4 7. cxd4 Qb6 8. Be2
Nge7 9. O-O Nf5 10. b3 Ncxd4 11. Nxd4 Qxd4 12. Qxd4 Nxd4 13. Bd3 Rc8 14. Be3 Nc6
15. f4 Nb4 16. Rd1 Nxd3 17. Rxd3 Bb4 18. a3 Bb5 19. Rd1 Be2 20. Rc1 Rxc1+ 21.
Bxc1 Bc5+ 22. Kh1 Bd3 23. Nd2 Bd4 24. Ra2 Kd7 25. Nf3 Rc8 26. Bd2 Bb1 27. Nxd4
Bxa2 28. g4 f6 29. exf6 gxf6 30. b4 Rc4 31. Be3 Rc3 32. Bf2 Rxa3 33. Nb5 Rf3 34.
Bxa7 Rxf4 35. h3 Rxb4 36. Nc3 Bc4 0-1

[Event "Challenge"]
[Site "http://www.queenalice.com/game.php?id=547252"]
[Date "2009.2.27"]
[Round "-"]
[White "Josecarlos"]
[Black "acidamin"]
[Result "0-1"]
[WhiteElo "2037"]
[BlackElo "1744"]

1. c4 Nf6 2. d4 g6 3. Nc3 Bg7 4. e4 d6 5. Nf3 Na6 6. c5 dxc5 7. e5 Ng4 8. Bxa6
cxd4 9. Bxb7 Bxb7 10. Nb5 Nxe5 11. Nfxd4 c5 12. Qa4 O-O 13. O-O cxd4 14. Nxd4
Qd5 15. f3 Qxd4+ 16. Qxd4 Nxf3+ 17. gxf3 Bxd4+ 18. Kg2 Rfc8 19. Rb1 Rc2+ 20. Kg3
e5 21. a4 f5 22. b4 f4+ 23. Bxf4 exf4+ 24. Kxf4 Rg2 0-1

[Event "Amin"]
[Site "http://www.queenalice.com/game.php?id=1022721"]
[Date "2012.1.31"]
[Round "-"]
[White "Tchecmaurice"]
[Black "acidamin"]
[Result "0-1"]
[WhiteElo "2029"]
[BlackElo "1849"]

1. e4 c5 2. Nf3 d6 3. d4 cxd4 4. Nxd4 Nf6 5. Nc3 g6 6. Be3 Bg7 7. Qd2 Nc6 8. Bb5
Bd7 9. h4 h5 10. f3 a6 11. Nxc6 bxc6 12. Be2 Qb8 13. O-O-O Be6 14. a3 Qb7 15.
Na4 Nd7 16. Bd4 Bh6 17. f4 Rg8 18. Kb1 Rb8 19. Bd3 c5 20. Bc3 Qc6 21. b3 Qxa4
0-1

[Event "Lapine"]
[Site "http://www.queenalice.com/game.php?id=1022722"]
[Date "2012.1.31"]
[Round "-"]
[White "acidamin"]
[Black "Tchecmaurice"]
[Result "1-0"]
[WhiteElo "1824"]
[BlackElo "2029"]

1. d4 e6 2. Nf3 c5 3. e4 d5 4. exd5 exd5 5. Bb5+ Bd7 6. Bxd7+ Qxd7 7. O-O Nf6 8.
Nc3 Nc6 9. Re1+ Be7 10. Ne5 Qd8 11. Nxc6 bxc6 12. Qd3 O-O 13. Bg5 cxd4 14. Qxd4
Re8 15. Re2 Nh5 16. Rae1 f6 17. Bd2 Qd7 18. Nxd5 g6 19. Rxe7 Rxe7 20. Nxe7+ 1-0

[Event "Challenge"]
[Site "http://www.queenalice.com/game.php?id=1027010"]
[Date "2012.2.6"]
[Round "-"]
[White "acidamin"]
[Black "plot24"]
[Result "1-0"]
[WhiteElo "1805"]
[BlackElo "1816"]

1. e4 e5 2. Nf3 Nc6 3. d4 exd4 4. Nxd4 Qf6 5. Be3 Bc5 6. c3 Nge7 7. Qd2 O-O 8.
Be2 a6 9. Nxc6 Qxc6 10. Bxc5 Qxc5 11. O-O Ng6 12. Qe3 Qxe3 13. fxe3 b5 14. Nd2
Bb7 15. Rad1 Rfe8 16. Rf2 Bxe4 17. Nxe4 Rxe4 18. Bf3 1-0

[Event "salut "]
[Site "http://www.queenalice.com/game.php?id=1034303"]
[Date "2012.2.29"]
[Round "-"]
[White "acidamin"]
[Black "Kapoueee"]
[Result "1-0"]
[WhiteElo "1874"]
[BlackElo "1545"]

1. b4 e5 2. Bb2 Bxb4 3. Bxe5 Nf6 4. e3 O-O 5. Bd3 Nc6 6. Bc3 d5 7. Bxb4 Nxb4 8.
Be2 Bf5 9. Na3 Qe7 10. c3 Nd3+ 11. Bxd3 Bxd3 12. Qa4 c6 13. Ne2 Nh5 14. Nc1 b5
15. Qb4 c5 16. Qb2 Nf4 17. Kd1 Be2+ 18. Nxe2 Nd3 19. Qb1 Nxf2+ 20. Kc2 b4 21.
Rf1 Qe4+ 22. Kc1 Nd3+ 23. Kd1 bxa3 24. Nf4 Nb2+ 25. Ke2 Qc4+ 26. d3 Qxc3 27.
Nxd5 Qe5 28. Rf5 Qxh2 29. Qh1 Qd6 30. Qh5 h6 31. Rh1 Rac8 32. Rf6 1-0